[Event "40th Olympiad Open"]
[Site "Istanbul TUR"]
[Date "2012.09.05"]
[Round "8.38"]
[Board "2"]
[White "Gemy, Jose Daniel"]
[Black "Wanyama, Harold"]
[Result "0-1"]
[WhiteTitle "FM"]
[WhiteElo "2345"]
[BlackElo "2159"]
[WhiteTeam "Bolivia"]
[BlackTeam "Uganda"]
[WhiteFideId "3301478"]
[BlackFideId "10000380"]
[EventDate "2012.08.28"]

1. d4 d5 2. c4 c6 3. Nf3 Nf6 4. e3 e6 5. Nbd2 Bd6 6. Bd3 Nbd7 7. O-O O-O 8. Qc2
Re8 9. e4 dxe4 10. Nxe4 Nxe4 11. Bxe4 f5 12. Bd3 c5 13. d5 g6 14. dxe6 Ne5 15.
Be2 Nxf3+ 16. Bxf3 Qc7 17. g3 Bxe6 18. Bg5 Qf7 19. Rad1 Be5 20. Rfe1 Bd4 21.
Rxe6 Rxe6 22. Bd5 Rae8 23. b4 b6 24. b5 Kg7 25. Kg2 h6 26. Bd2 Re2 27. Bxf7
Rxf2+ 28. Kh3 Ree2 29. Rh1 Kxf7 30. Qa4 g5 31. Qxa7+ Kg6 32. Qxb6+ Bf6 33. Qxf6+
Kxf6 34. Bc3+ Kg6 0-1

[Event "40th Olympiad Open"]
[Site "Istanbul TUR"]
[Date "2012.09.05"]
[Round "8.38"]
[Board "3"]
[White "Emojong, Elijah"]
[Black "Cueto, Jonny"]
[Result "1/2-1/2"]
[WhiteTitle "FM"]
[BlackTitle "IM"]
[WhiteElo "2147"]
[BlackElo "2282"]
[WhiteTeam "Uganda"]
[BlackTeam "Bolivia"]
[WhiteFideId "10000402"]
[BlackFideId "3300145"]
[EventDate "2012.08.28"]

1. d4 d6 2. Nf3 g6 3. c4 Bg7 4. Nc3 e5 5. dxe5 dxe5 6. Qxd8+ Kxd8 7. Bd2 Be6 8.
O-O-O Nd7 9. b3 h6 10. h3 Ne7 11. g4 c6 12. Ne4 Kc7 13. Bb4 Nc8 14. Bc3 a5 15.
Bg2 a4 16. Kb2 axb3 17. axb3 f5 18. gxf5 gxf5 19. Ng3 Rg8 20. Rhg1 Nd6 21. Nd2
b5 22. h4 bxc4 23. bxc4 Rgb8+ 24. Kc1 Ra3 25. Nb1 Rxb1+ 26. Kxb1 Rxc3 27. Bh3 e4
28. Bxf5 Nxf5 29. Nxf5 Bxf5 30. Rxg7 Rxc4 31. e3 Rc5 32. Rf7 h5 33. Rd4 Kd8 34.
Kb2 Ke8 35. Rg7 Nf8 36. Ra4 Rb5+ 37. Kc3 Rc5+ 38. Kb2 Rb5+ 39. Kc3 Rc5+ 40. Kb2
Rb5+ 41. Kc3 Rc5+ 42. Kb4 Rb5+ 43. Ka3 Rb8 44. Ra5 Bg6 45. Raa7 Kd8 46. Rg8 Ke8 1/2-1/2

[Event "40th Olympiad Open"]
[Site "Istanbul TUR"]
[Date "2012.09.05"]
[Round "8.39"]
[Board "1"]
[White "Dive, Russell John"]
[Black "Salem, A.R. Saleh"]
[Result "0-1"]
[WhiteTitle "IM"]
[BlackTitle "GM"]
[WhiteElo "2334"]
[BlackElo "2546"]
[WhiteTeam "New Zealand"]
[BlackTeam "United Arab Emirates"]
[WhiteFideId "4300106"]
[BlackFideId "9301348"]
[EventDate "2012.08.28"]

1. c4 Nf6 2. Nc3 d5 3. cxd5 Nxd5 4. g3 Nb6 5. d3 g6 6. Be3 Nc6 7. Bg2 Nd4 8. Nf3
Nxf3+ 9. Bxf3 c6 10. O-O Bh3 11. Re1 Bg7 12. Qd2 h5 13. Rab1 h4 14. b4 hxg3 15.
hxg3 Nd7 16. d4 Nb6 17. d5 Nc4 18. Qc1 Ne5 19. dxc6 bxc6 20. Bh1 Qc8 21. Ne4 Be6
22. Ng5 Rxh1+ 23. Kxh1 Bd5+ 24. Kg1 f6 25. Bd4 fxg5 26. Bxe5 Bxe5 27. Qxg5 Qf5
28. Qh4 Qe4 29. Qxe4 Bxe4 30. Rbc1 Rb8 31. Rc4 Bd5 32. Rg4 Bxa2 33. Rxg6 Kd7 34.
Rc1 Bd5 35. Rg4 Bd6 36. Ra1 Rb7 37. Ra4 c5 38. b5 Bb3 39. Ra1 c4 40. Rd4 Rc7 41.
e4 Ke6 42. Kg2 Ke5 43. Rd2 c3 0-1

[Event "40th Olympiad Open"]
[Site "Istanbul TUR"]
[Date "2012.09.05"]
[Round "8.39"]
[Board "2"]
[White "Omar, Noaman"]
[Black "Croad, Nicolas"]
[Result "0-1"]
[WhiteTitle "IM"]
[BlackTitle "FM"]
[WhiteElo "2322"]
[BlackElo "2255"]
[WhiteTeam "United Arab Emirates"]
[BlackTeam "New Zealand"]
[WhiteFideId "9300244"]
[BlackFideId "4300793"]
[EventDate "2012.08.28"]

1. d4 Nf6 2. c4 e6 3. Nf3 d5 4. Nc3 Be7 5. Bg5 h6 6. Bxf6 Bxf6 7. e3 O-O 8. Rc1
c6 9. h4 g6 10. h5 g5 11. cxd5 exd5 12. Bd3 Re8 13. Qc2 Nd7 14. Bf5 Nb6 15. O-O
Bxf5 16. Qxf5 Nc4 17. Nh2 Bg7 18. Qc2 Qd7 19. Na4 f5 20. Rfe1 Qf7 21. Nf1 Nd6
22. Qd1 g4 23. Nc5 Qxh5 24. Ng3 Qf7 25. Ne2 Bf8 26. g3 Ne4 27. Nxe4 Rxe4 28. Kg2
Bd6 29. Rh1 Re6 30. Qc2 Kg7 31. Rh2 Rh8 32. Rch1 h5 33. Kf1 Reh6 34. Qb3 Kg6 35.
Ke1 R8h7 36. Qd3 Kg7 37. Kd2 Kf8 38. Kc2 Ke8 39. a3 Kd8 40. Kb1 Kc8 41. Qc2 Kb8
42. Nc1 h4 43. Rxh4 Rxh4 44. gxh4 Be7 45. Nd3 Rxh4 46. Rxh4 Bxh4 47. Ne5 Qe6 48.
b4 Be7 49. Kb2 Bd6 50. Nxc6+ bxc6 51. Qxc6 f4 52. a4 fxe3 53. fxe3 Qf6 54. a5
Be7 55. Qxd5 Qf2+ 56. Kb3 Qxe3+ 57. Ka4 Qg5 58. Qd7 a6 59. d5 g3 60. Qe8+ Bd8
61. Qc6 g2 62. Qxa6 Qxd5 63. Qg6 Qd1+ 64. Kb5 g1=Q 0-1

[Event "40th Olympiad Open"]
[Site "Istanbul TUR"]
[Date "2012.09.05"]
[Round "8.39"]
[Board "4"]
[White "Khouri, Ibrahim Mohamed"]
[Black "Li, Zuhao Luke"]
[Result "1-0"]
[WhiteTitle "FM"]
[WhiteElo "2228"]
[BlackElo "2227"]
[WhiteTeam "United Arab Emirates"]
[BlackTeam "New Zealand"]
[WhiteFideId "9301526"]
[BlackFideId "4303431"]
[EventDate "2012.08.28"]

1. e4 e5 2. Nf3 Nc6 3. Bb5 a6 4. Ba4 Nf6 5. d3 b5 6. Bb3 Be7 7. O-O O-O 8. a4
Bb7 9. Nc3 b4 10. Ne2 d5 11. exd5 Nxd5 12. Ng3 g6 13. Re1 Bf6 14. Ne4 Bg7 15.
Bg5 f6 16. Nc5 Bc8 17. Nxe5 Nxe5 18. Rxe5 c6 19. Rxd5 cxd5 20. Bd2 a5 21. Qf3
Kh8 22. Qxd5 Bf5 23. c3 bxc3 24. Bxc3 Qb6 25. d4 Rfe8 26. Re1 Rxe1+ 27. Bxe1 Re8
28. Bc3 Qc7 29. Qf7 Qc8 30. Bc4 Bc2 31. Ne6 Rg8 32. Nxg7 Rxg7 33. Qxf6 Qxc4 34.
d5 1-0

[Event "40th Olympiad Open"]
[Site "Istanbul TUR"]
[Date "2012.09.05"]
[Round "8.40"]
[Board "1"]
[White "Megaranto, Susanto"]
[Black "Malisauskas, Vidmantas"]
[Result "1-0"]
[WhiteTitle "GM"]
[BlackTitle "GM"]
[WhiteElo "2529"]
[BlackElo "2451"]
[WhiteTeam "Indonesia"]
[BlackTeam "Lithuania"]
[WhiteFideId "7101384"]
[BlackFideId "12800031"]
[EventDate "2012.08.28"]

1. d4 Nf6 2. Nf3 g6 3. c3 Bg7 4. Bf4 b6 5. e3 Bb7 6. Nbd2 O-O 7. Be2 d6 8. h3
Nbd7 9. O-O Re8 10. a4 a6 11. Qb3 e5 12. Bh2 e4 13. Ne1 a5 14. Nc2 Nf8 15. Na3
Ne6 16. Rfd1 Qe7 17. c4 Red8 18. Nb5 d5 19. cxd5 Nxd5 20. Nxe4 Nxd4 21. Nxd4
Qxe4 22. Bf3 Qe7 23. Nb5 Be5 24. Bxe5 Qxe5 25. Rac1 c5 26. Rd2 Rd7 27. Nc3 c4
28. Qb5 Rad8 29. Rcd1 Bc6 30. Qxc6 Nb4 31. Qe4 1-0

[Event "40th Olympiad Open"]
[Site "Istanbul TUR"]
[Date "2012.09.05"]
[Round "8.40"]
[Board "2"]
[White "Beinoras, Mindaugas"]
[Black "Purnama, Tirta Chandra"]
[Result "0-1"]
[WhiteTitle "IM"]
[BlackTitle "IM"]
[WhiteElo "2346"]
[BlackElo "2384"]
[WhiteTeam "Lithuania"]
[BlackTeam "Indonesia"]
[WhiteFideId "12802085"]
[BlackFideId "7101422"]
[EventDate "2012.08.28"]

1. d4 Nf6 2. c4 g6 3. Nc3 Bg7 4. e4 d6 5. h3 O-O 6. Nf3 e5 7. d5 a5 8. Bg5 Na6
9. Nd2 Qe8 10. Be2 Nd7 11. g4 Ndc5 12. Rg1 Kh8 13. a3 Bd7 14. Qc2 c6 15. Be3
cxd5 16. Nxd5 Ne6 17. Nb6 Rb8 18. O-O-O Bc6 19. Qc3 a4 20. f3 Nac5 21. Kb1 Nd4
22. Bd3 Qd8 23. Nd5 b5 24. Nb4 Bd7 25. Bf1 Nce6 26. cxb5 Rc8 27. Bc4 Bxb5 28.
Qd3 Bxc4 29. Nxc4 Nxf3 30. Nb6 Nxg1 31. Nxc8 Qxc8 32. Bxg1 Nd4 33. Nc2 Nxc2 34.
Qxc2 Qxc2+ 35. Kxc2 Rc8+ 36. Kd3 Kg8 37. Be3 Kf8 38. Bd2 Ke7 39. g5 Ke6 40. Bb4
Bf8 41. b3 axb3 42. Rb1 Be7 43. Bd2 Rb8 44. Kc3 d5 45. exd5+ Kxd5 46. Rxb3 Rxb3+
47. Kxb3 Bc5 48. a4 e4 49. Be1 Kd4 50. a5 Kd3 51. a6 e3 52. Ba5 Ba7 53. Kb4 Ke2
54. Kc4 Kf2 55. h4 e2 56. Kd5 e1=Q 57. Bxe1+ Kxe1 58. Ke5 Kf2 59. Kf4 Bb6 60.
Ke5 0-1

[Event "40th Olympiad Open"]
[Site "Istanbul TUR"]
[Date "2012.09.05"]
[Round "8.40"]
[Board "3"]
[White "Halay, Taufik"]
[Black "Pileckis, Emilis"]
[Result "1-0"]
[WhiteTitle "IM"]
[BlackTitle "IM"]
[WhiteElo "2361"]
[BlackElo "2443"]
[WhiteTeam "Indonesia"]
[BlackTeam "Lithuania"]
[WhiteFideId "7101392"]
[BlackFideId "12802476"]
[EventDate "2012.08.28"]

1. d4 Nf6 2. c4 e6 3. Nf3 b6 4. g3 Ba6 5. Qa4 c5 6. Bg2 Bb7 7. dxc5 Bxc5 8. O-O
O-O 9. Nc3 Ne4 10. Nxe4 Bxe4 11. Bf4 Nc6 12. Rfd1 Qf6 13. Ng5 Bxg2 14. Qc2 g6
15. Kxg2 d5 16. cxd5 Nb4 17. Qd2 Nxd5 18. Ne4 Nxf4+ 19. Qxf4 Qxb2 20. Rab1 Qg7
21. Rd7 e5 22. Qh4 h6 23. Nxc5 bxc5 24. Qc4 Rfd8 25. Rc7 Rdc8 26. Rbb7 Rxc7 27.
Rxc7 Qf6 28. Qxc5 Kg7 29. Re7 e4 30. Rxe4 Qa6 31. Qd5 Rf8 32. a4 Qf6 33. Rf4 Qe7
34. e3 Rc8 35. a5 Kg8 36. a6 Rb8 37. Re4 Qf6 38. Rf4 Qe7 39. Rc4 Rb6 40. Rc8+
Kg7 41. Rc6 Rxc6 42. Qxc6 h5 43. h4 Kg8 44. e4 Kg7 45. Kg1 Qe5 46. Kh2 Qd4 47.
Kg2 Qa1 48. Qd6 Qc3 49. e5 Qc4 50. e6 Qxe6 51. Qd4+ Kh7 52. Qxa7 Qd5+ 53. Kh2
Qa2 54. Qb6 Kg7 55. a7 Kh7 56. Kh3 Qd5 57. Kh2 Qf3 58. Qb2 g5 59. Qa2 1-0

[Event "40th Olympiad Open"]
[Site "Istanbul TUR"]
[Date "2012.09.05"]
[Round "8.41"]
[Board "1"]
[White "Mandiza, Farai"]
[Black "Rahman, Ziaur"]
[Result "1-0"]
[WhiteTitle "IM"]
[BlackTitle "GM"]
[WhiteElo "2390"]
[BlackElo "2516"]
[WhiteTeam "Zimbabwe"]
[BlackTeam "Bangladesh"]
[WhiteFideId "11000430"]
[BlackFideId "10200037"]
[EventDate "2012.08.28"]

1. g3 d5 2. Bg2 Nf6 3. Nf3 c6 4. O-O Bf5 5. d3 e6 6. Nh4 Bg4 7. h3 Bh5 8. Qe1
Be7 9. e4 Nfd7 10. Nf3 Na6 11. a3 O-O 12. Nc3 dxe4 13. dxe4 e5 14. b4 Nc7 15.
Nd1 a5 16. Bb2 axb4 17. axb4 Rxa1 18. Bxa1 f6 19. Ne3 Bf7 20. Qb1 Qc8 21. Nf5
Re8 22. Nxe7+ Rxe7 23. Nh4 Nb5 24. Nf5 Re8 25. Qc1 Qc7 26. c4 Nd6 27. Nxd6 Qxd6
28. Rd1 Qe7 29. Qd2 Nf8 30. c5 Bb3 31. Rc1 Rd8 32. Qe3 Bf7 33. f4 exf4 34. gxf4
Ng6 35. Bc3 Nh4 36. Bh1 Ng6 37. Bg2 Qc7 38. e5 Re8 39. Re1 fxe5 40. fxe5 Be6 41.
Be4 Qd7 42. Kh2 Rf8 43. Qg3 Ne7 44. Rg1 Nf5 45. Qg5 g6 46. Rf1 Ra8 47. Rf2 Ng7
48. Rd2 Qc7 49. Rd6 Rf8 50. Bd4 Bf5 51. Bg2 Ne6 52. Qe3 Qe7 53. Bc3 Ra8 54. Qd2
Qh4 55. Qe1 Qf4+ 56. Kh1 Qc4 57. Bd2 Ra3 58. Kh2 Ra2 59. Qe3 Rb2 60. Rd7 Rb3 61.
Qh6 g5 62. Qf6 Qh4 63. Qf7+ 1-0

[Event "40th Olympiad Open"]
[Site "Istanbul TUR"]
[Date "2012.09.05"]
[Round "8.41"]
[Board "2"]
[White "Abdulla, Al-Rakib"]
[Black "Makoto, Rodwell"]
[Result "1-0"]
[WhiteTitle "GM"]
[WhiteElo "2514"]
[BlackElo "2254"]
[WhiteTeam "Bangladesh"]
[BlackTeam "Zimbabwe"]
[WhiteFideId "10200444"]
[BlackFideId "11000120"]
[EventDate "2012.08.28"]

1. d4 Nf6 2. Nf3 g6 3. Bg5 d5 4. Nbd2 h6 5. Bh4 Bg7 6. e3 Nbd7 7. c3 g5 8. Bg3
Nh5 9. c4 Nxg3 10. hxg3 e6 11. Rc1 c6 12. Bd3 Qe7 13. a3 Qd6 14. e4 Qe7 15. cxd5
exd5 16. O-O O-O 17. Re1 Qd8 18. e5 Re8 19. b4 Nf8 20. Nf1 Be6 21. Ne3 Qd7 22.
Nh2 Ng6 23. Qh5 Ne7 24. f4 f5 25. fxg5 Bf7 26. Qh3 hxg5 27. Nxf5 Qe6 28. Ng4 Bg6
29. Nfh6+ Kh8 30. Nf7+ 1-0

[Event "40th Olympiad Open"]
[Site "Istanbul TUR"]
[Date "2012.09.05"]
[Round "8.41"]
[Board "3"]
[White "Moyo, Dion"]
[Black "Murshed, Niaz"]
[Result "0-1"]
[BlackTitle "GM"]
[WhiteElo "2210"]
[BlackElo "2462"]
[WhiteTeam "Zimbabwe"]
[BlackTeam "Bangladesh"]
[WhiteFideId "11000627"]
[BlackFideId "10200010"]
[EventDate "2012.08.28"]

1. e4 e6 2. d3 d5 3. Nd2 Nf6 4. Ngf3 c5 5. g3 Nc6 6. Bg2 Be7 7. O-O O-O 8. Re1
Rb8 9. e5 Nd7 10. Nf1 b5 11. h4 h6 12. N1h2 Re8 13. Bf4 b4 14. Qd2 Nf8 15. h5
Nh7 16. Ng4 Rb6 17. Nfh2 Nd4 18. c3 bxc3 19. bxc3 Nf5 20. Nf3 Ba6 21. Rab1 Kh8
22. Ngh2 Ng5 23. Rxb6 Qxb6 24. g4 Nxf3+ 25. Nxf3 Nh4 26. Nxh4 Bxh4 27. Bxh6 gxh6
28. Qxh6+ Kg8 29. g5 Qb2 30. Qf6 Qd2 31. h6 Qxf2+ 32. Qxf2 Bxf2+ 33. Kxf2 Bxd3
34. Ke3 Bg6 35. Rd1 Rb8 36. Bxd5 exd5 37. Rxd5 Bf5 38. Rxc5 Kh7 39. Rc7 Be6 40.
Rxa7 Kg6 41. a4 Kxg5 42. a5 Kxh6 43. a6 Rb5 44. Kf4 Rc5 45. Ra8 Rc4+ 46. Ke3
Rxc3+ 47. Kd4 Rc4+ 48. Kd3 Ra4 49. a7 Kg7 50. Kc3 Bf5 51. Kd2 Be4 52. Rd8 Rxa7
53. Rd4 Bf5 54. Ke3 Be6 55. Rd1 Ra4 56. Rg1+ Rg4 57. Ra1 Kg6 58. Rf1 Bf5 0-1

[Event "40th Olympiad Open"]
[Site "Istanbul TUR"]
[Date "2012.09.05"]
[Round "8.41"]
[Board "4"]
[White "Reefat, Bin-Sattar"]
[Black "Masango, Spencer"]
[Result "1-0"]
[WhiteTitle "GM"]
[WhiteElo "2448"]
[BlackElo "2153"]
[WhiteTeam "Bangladesh"]
[BlackTeam "Zimbabwe"]
[WhiteFideId "10200207"]
[BlackFideId "14300753"]
[EventDate "2012.08.28"]

1. e4 e5 2. Nf3 Nc6 3. Bc4 Nf6 4. d3 Bc5 5. c3 a6 6. Bb3 Ba7 7. Nbd2 d6 8. Nf1
Ne7 9. Ng3 h6 10. d4 Ng6 11. h3 O-O 12. O-O Re8 13. Re1 exd4 14. cxd4 c5 15. Be3
b5 16. dxc5 dxc5 17. e5 Qxd1 18. Raxd1 Nxe5 19. Nxe5 Rxe5 20. Rd8+ Kh7 21. Bxf7
c4 22. Bd2 Rxe1+ 23. Bxe1 Bb7 24. Rd1 Bb6 25. Bc3 Rd8 26. Re1 Bd4 27. Nf5 Bxc3
28. bxc3 Rd3 29. f3 Bd5 30. Bxd5 Nxd5 31. Re5 1-0

[Event "40th Olympiad Open"]
[Site "Istanbul TUR"]
[Date "2012.09.05"]
[Round "8.42"]
[Board "1"]
[White "Jere, Daniel"]
[Black "Munoz Santana, Jose Lisandro"]
[Result "1/2-1/2"]
[WhiteTitle "FM"]
[BlackTitle "IM"]
[WhiteElo "2382"]
[BlackElo "2428"]
[WhiteTeam "Zambia"]
[BlackTeam "Dominican Republic"]
[WhiteFideId "8700249"]
[BlackFideId "6400361"]
[EventDate "2012.08.28"]

1. c4 c5 2. g3 g6 3. Bg2 Bg7 4. Nc3 Nc6 5. a3 d6 6. Rb1 e6 7. b4 Nge7 8. Nf3 b6
9. O-O Bb7 10. Qb3 O-O 11. Bb2 Qd7 12. e3 h6 13. Rfd1 g5 14. d4 cxd4 15. Nb5 Ng6
16. Nfxd4 Nxd4 17. Bxd4 Bxg2 18. Kxg2 Bxd4 19. Nxd4 Rac8 20. Kg1 Ne5 21. Rbc1
Qb7 22. f4 Nf3+ 23. Nxf3 Qxf3 24. fxg5 hxg5 25. Rxd6 Rfd8 26. Rcd1 Rxd6 27. Rxd6
Qe2 28. Rd3 a5 29. b5 Rc5 30. Qc3 Kh7 31. Rd8 Rxc4 32. Qd3+ Qxd3 33. Rxd3 Kg6
34. Rd6 Rc3 35. Kf2 Rc2+ 36. Kf3 Rxh2 37. Rxb6 Ra2 38. Ra6 Rxa3 39. g4 Ra4 40.
Kg3 Kf6 41. Kf3 Ra3 42. Ke4 Ra4+ 43. Kf3 Kg6 44. Kg3 Ra3 45. Kf3 a4 46. b6 Rb3
47. Rxa4 Rxb6 48. Ra5 f5 49. gxf5+ exf5 50. Rc5 Rb3 51. Kf2 Ra3 52. Rb5 Ra1 53.
Rc5 Rh1 54. Kg2 Ra1 55. Rb5 Ra3 56. Kf2 Ra8 57. Kg2 Ra3 58. Kf2 Kh5 59. Rxf5 Kg4
60. Rf8 Ra2+ 61. Kg1 Kg3 62. Rf1 Re2 63. e4 g4 64. Ra1 Kh3 65. e5 Rxe5 66. Ra3+ 1/2-1/2

[Event "40th Olympiad Open"]
[Site "Istanbul TUR"]
[Date "2012.09.05"]
[Round "8.42"]
[Board "2"]
[White "Pinal, Nelson B"]
[Black "Bwalya, Gillan"]
[Result "1-0"]
[WhiteTitle "IM"]
[WhiteElo "2322"]
[BlackElo "2256"]
[WhiteTeam "Dominican Republic"]
[BlackTeam "Zambia"]
[WhiteFideId "3500594"]
[BlackFideId "8700257"]
[EventDate "2012.08.28"]

1. e4 c5 2. Nf3 d6 3. d4 cxd4 4. Qxd4 Nc6 5. Bb5 Bd7 6. Bxc6 Bxc6 7. Nc3 Nf6 8.
Bg5 e6 9. O-O-O Be7 10. Rhe1 Qb6 11. Qxb6 axb6 12. Nd4 O-O 13. Kb1 Rfd8 14. f4
Kf8 15. f5 Ne8 16. Be3 Bd7 17. g4 Rdc8 18. g5 Rc4 19. Rf1 Kg8 20. fxe6 fxe6 21.
Nf3 Ra6 22. Ne5 Rc7 23. Nxd7 Rxd7 24. Nb5 Nc7 25. Nd4 Rd8 26. Rd3 Ra5 27. Nb3
Ra6 28. h4 b5 29. a3 Rd7 30. Nc5 Rd8 31. Nxa6 Nxa6 32. Rb3 Nb8 33. Rxb5 Rd7 34.
Ra5 Na6 35. Bb6 g6 36. b4 Kg7 37. Ka2 Bd8 38. Bxd8 Rxd8 39. Rb5 Rd7 40. Rf6 1-0

[Event "40th Olympiad Open"]
[Site "Istanbul TUR"]
[Date "2012.09.05"]
[Round "8.42"]
[Board "3"]
[White "Kayonde, Andrew"]
[Black "Puntier, William"]
[Result "1-0"]
[BlackTitle "FM"]
[WhiteElo "2180"]
[BlackElo "2312"]
[WhiteTeam "Zambia"]
[BlackTeam "Dominican Republic"]
[WhiteFideId "8700281"]
[BlackFideId "6400299"]
[EventDate "2012.08.28"]

1. d4 Nf6 2. c4 c5 3. d5 e6 4. Nc3 exd5 5. cxd5 d6 6. e4 g6 7. f4 Bg7 8. Bb5+
Nfd7 9. a4 O-O 10. Nf3 Na6 11. O-O Nb4 12. Re1 a6 13. Bf1 Nf6 14. h3 b6 15. Be3
Re8 16. Bf2 Nh5 17. Qd2 Bh6 18. g3 Ra7 19. Qd1 f6 20. Qb3 Rf7 21. Rad1 Bd7 22.
Nd2 Qb8 23. Nc4 Kg7 24. Be2 Bxh3 25. f5 Nf4 26. gxf4 Bxf4 27. Nb1 b5 28. axb5
axb5 29. Nca3 Rxe4 30. Qxh3 Be5 31. fxg6 hxg6 32. Nc3 Rf4 33. Be3 Bxc3 34. bxc3
Re4 35. cxb4 Rfe7 36. Bd3 1-0

[Event "40th Olympiad Open"]
[Site "Istanbul TUR"]
[Date "2012.09.05"]
[Round "8.43"]
[Board "1"]
[White "Lodhi, Mahmood"]
[Black "Khader, Sami"]
[Result "1-0"]
[WhiteTitle "IM"]
[BlackTitle "IM"]
[WhiteElo "2358"]
[BlackElo "2392"]
[WhiteTeam "Pakistan"]
[BlackTeam "Jordan"]
[WhiteFideId "7800010"]
[BlackFideId "8100500"]
[EventDate "2012.08.28"]

1. d4 Nf6 2. Nf3 e6 3. g3 b5 4. e3 a6 5. Bg2 Bb7 6. O-O c5 7. b3 Be7 8. Bb2 O-O
9. Nbd2 d6 10. a4 Nbd7 11. Qe2 Qb6 12. e4 Rac8 13. e5 Ne8 14. axb5 axb5 15. c4
bxc4 16. Nxc4 Qc7 17. Rfc1 Qb8 18. Na5 Bd5 19. exd6 Nxd6 20. dxc5 Nxc5 21. Nd4
Bxg2 22. Kxg2 Qb6 23. b4 Ncb7 24. Ndc6 Rc7 25. Nxe7+ Rxe7 26. Nc6 Ree8 27. Bd4
Qc7 28. b5 f6 29. b6 Qd7 30. Na7 e5 31. Qa2+ Kh8 32. Rc7 Qg4 33. Be3 f5 34. f3
Qh5 35. Bf2 Rf6 36. Qd5 Rh6 37. h4 e4 38. fxe4 Qg4 39. Qd1 Qg6 40. e5 Ne4 41.
Rc6 Qf7 42. Rxh6 gxh6 43. Qd4 Qe6 44. Nb5 Qc6 45. e6+ Kg8 46. Nc7 Rd8 47. Qb2
Nd2+ 48. Kh2 Qe4 49. Qf6 Rf8 50. e7 Nf3+ 51. Kh3 Qg4+ 52. Kg2 Rxf6 53. e8=Q+ Rf8
54. Qe6+ Kh8 55. Qe7 Kg8 56. Ne6 Rb8 57. Ra3 Ne5 58. Nf4 Ng6 59. Qe6+ Kf8 60.
Qf6+ Kg8 61. Nxg6 Qxg6 62. Bd4 Qxf6 63. Bxf6 Nc5 64. Bd4 Nd7 65. Rb3 Kf7 66. b7
Re8 67. Ba7 Nb8 68. Kf3 Rd8 69. Bxb8 Rxb8 70. Rb6 Ke7 71. Kf4 Kd7 72. Rxh6 Rf8
73. Rxh7+ Kc6 74. Rf7 Kd5 1-0

[Event "40th Olympiad Open"]
[Site "Istanbul TUR"]
[Date "2012.09.05"]
[Round "8.43"]
[Board "3"]
[White "Ahmed, Haseeb"]
[Black "Mansour, Sameer"]
[Result "0-1"]
[BlackTitle "FM"]
[WhiteElo "2296"]
[BlackElo "2244"]
[WhiteTeam "Pakistan"]
[BlackTeam "Jordan"]
[WhiteFideId "7800096"]
[BlackFideId "8100144"]
[EventDate "2012.08.28"]

1. e4 c5 2. Nf3 Nc6 3. d4 cxd4 4. Nxd4 g6 5. Nc3 Bg7 6. Be3 Nf6 7. Bc4 O-O 8. f3
Qb6 9. Ncb5 a6 10. Nf5 Qd8 11. Nbd4 gxf5 12. Nxf5 d5 13. Nxg7 dxc4 14. Bh6 Qa5+
15. c3 Rd8 16. Qc1 Nh5 17. Nxh5 Qxh5 18. O-O Rd6 19. Bf4 e5 20. Bg3 Be6 21. Qe3
Rad8 22. Qc5 f6 23. f4 Rd2 24. Rae1 Rxb2 25. fxe5 Rdd2 26. Rf2 Rxf2 27. Bxf2
Qxe5 28. Qe3 Rc2 29. Qb6 Qxc3 0-1

[Event "40th Olympiad Open"]
[Site "Istanbul TUR"]
[Date "2012.09.05"]
[Round "8.44"]
[Board "1"]
[White "Vorobjov, Pavel"]
[Black "Machin Rivera, Mark"]
[Result "1-0"]
[BlackTitle "FM"]
[WhiteElo "2156"]
[BlackElo "2323"]
[WhiteTeam "Estonia"]
[BlackTeam "Puerto Rico"]
[WhiteFideId "4500989"]
[BlackFideId "3101126"]
[EventDate "2012.08.28"]

1. d4 Nf6 2. c4 g6 3. Nc3 Bg7 4. e4 d6 5. f3 O-O 6. Be3 a6 7. Qd2 Nbd7 8. Nh3 c5
9. Nf2 cxd4 10. Bxd4 b6 11. Be2 Bb7 12. O-O Rc8 13. Rac1 Re8 14. Rfd1 Ne5 15. b3
Nc6 16. Be3 Nd7 17. Nd5 Rb8 18. b4 a5 19. b5 Na7 20. Nxb6 Nxb6 21. c5 Nbc8 22.
c6 Bxc6 23. bxc6 Qc7 24. Rc2 e6 25. Rdc1 Rd8 26. Bg5 Re8 27. Ng4 h5 28. Nf6+
Bxf6 29. Bxf6 Kh7 30. g4 Ne7 31. Qg5 Ng8 32. Bd4 e5 33. Be3 hxg4 34. Qxg4 Nb5
35. Qh4+ Kg7 36. Qf2 Ne7 37. Bd3 d5 38. Rb2 Nd6 39. Bb6 Qc8 40. Qc5 dxe4 41.
Qxe5+ f6 42. Qxd6 exd3 43. c7 Ra8 44. Qxd3 Qe6 45. Bf2 Nd5 46. Bg3 Nb4 47. Qd4
Rac8 48. Rd2 Nxa2 49. Re1 Qxe1+ 50. Bxe1 Rxe1+ 51. Kf2 Re7 52. Rxa2 Rcxc7 53.
Rxa5 Rcd7 54. Qf4 Re6 55. Ra8 Rde7 56. Qb8 Kh6 57. Qf8+ Kh5 58. Qh8+ Kg5 59. h4+
Kf5 60. Ra5+ Kf4 61. Qb8+ Re5 62. Qb4+ 1-0

[Event "40th Olympiad Open"]
[Site "Istanbul TUR"]
[Date "2012.09.05"]
[Round "8.44"]
[Board "3"]
[White "Ezov, Roman"]
[Black "Berrios Echevarria, Gabriel"]
[Result "1-0"]
[BlackTitle "FM"]
[WhiteElo "2185"]
[BlackElo "2221"]
[WhiteTeam "Estonia"]
[BlackTeam "Puerto Rico"]
[WhiteFideId "4502078"]
[BlackFideId "3100928"]
[EventDate "2012.08.28"]

1. e4 c5 2. Nf3 e6 3. d4 cxd4 4. Nxd4 a6 5. Bd3 Qc7 6. O-O Nf6 7. Qe2 d6 8. c4
g6 9. Nc3 Bg7 10. Rd1 O-O 11. Nf3 Nc6 12. h3 Nd7 13. Be3 Nde5 14. Rac1 Nxf3+ 15.
Qxf3 Nd4 16. Qg3 e5 17. b4 Qd8 18. f3 Be6 19. Qf2 Rc8 20. Ne2 Qf6 21. Qg3 Qe7
22. Nxd4 exd4 23. Bf4 Rfd8 24. Rc2 Rc6 25. Rdc1 Be5 26. a4 f6 27. b5 Rc5 28. h4
Rdc8 29. Bxe5 fxe5 30. Qg5 Qf7 31. h5 a5 32. hxg6 hxg6 33. Kf2 Kg7 34. Rh1 Qf4
35. Qxf4 exf4 36. Rhc1 Rh8 37. Be2 Rhc8 38. Rd2 Bxc4 39. Rxd4 Bxe2 40. Rxc5 Rxc5
41. Kxe2 Rc2+ 42. Kf1 Rc1+ 43. Kf2 Rc2+ 44. Kg1 Ra2 45. Kh2 Kh6 46. Kh3 Kh5 47.
b6 Ra1 48. Kh2 g5 49. Rxd6 Rxa4 50. Rd7 Rb4 51. Rxb7 Kg6 52. Rb8 a4 53. b7 Kg7
54. e5 a3 55. e6 a2 56. e7 a1=Q 57. e8=Q 1-0

[Event "40th Olympiad Open"]
[Site "Istanbul TUR"]
[Date "2012.09.05"]
[Round "8.44"]
[Board "4"]
[White "Montanez Nazario, Roberto"]
[Black "Ladva, Ottomar"]
[Result "0-1"]
[WhiteElo "2144"]
[BlackElo "2153"]
[WhiteTeam "Puerto Rico"]
[BlackTeam "Estonia"]
[WhiteFideId "3100316"]
[BlackFideId "4500024"]
[EventDate "2012.08.28"]

1. e4 c5 2. Nc3 e6 3. g3 Nc6 4. Bg2 Nf6 5. d3 Be7 6. Nge2 O-O 7. Nf4 Rb8 8. O-O
b5 9. h3 b4 10. Na4 d6 11. Be3 a5 12. b3 Nd7 13. Ne2 Bf6 14. d4 Qc7 15. Rb1 cxd4
16. Nxd4 Bxd4 17. Bxd4 Ba6 18. Re1 Nxd4 19. Qxd4 Nc5 20. Nb2 e5 21. Qd2 Ne6 22.
Rbc1 Rbc8 23. Nd1 Qb6 24. c4 Bb7 25. Ne3 Rfd8 26. Nf5 Ra8 27. Re3 a4 28. Rd3 Nc5
29. Rxd6 Rxd6 30. Qxd6 Qxd6 31. Nxd6 axb3 32. axb3 Bc6 33. Nf5 Kf8 34. Rd1 Nxb3
35. Rd6 Rc8 36. h4 g6 37. Ne3 Nd4 38. f4 b3 39. Nd1 Ra8 40. Nb2 Ra1+ 41. Kh2 Ra2
42. fxe5 Rxb2 43. Rxd4 Rxg2+ 0-1